000 00690nam a22002057a 4500
999 _c187866
_d187866
005 20220502161300.0
010 _aENG-132495
020 _a9789390082612
_c200.00
035 _aEN-116027
037 _bDBAD/PUB
082 _a305.5482
245 _aTribal Society and Culture of Tamilnadu/
_cEdited by L. Thilagavathi, S. Jeyanthimala and M. Thangam
260 _aMadurai
_bShanlax Publications
_c2020
270 _a61, 66 T.P.K. Main Road, Vasantha Nagar
_bMadurai
_e625003
_mpublisher@shanlaxpublications.com
300 _a115p.
_c25cm(pbk)
700 _aThilagavathi, L.
700 _aJeyanthimala, S.
700 _aThangam, M.
942 _2ddc
_cEN
_h305.5482
_mTRI